La regulacion del comercio electronico

Detalles Bibliográficos
Otros Autores: Barral i Viąls, Inmaculada
Formato: Desconocido
Lenguaje:español
Publicado: [Madrid] : Dykinson, 2003
Materias:
Acceso en línea:Acceso restringido

MARC

LEADER 00000ny a22000003n 4500
005 20110525133040.0
008 080619s2003 sp s 000 0 spa c
035 |a 264 
040 |a UMA.RE  |d vLex 
080 |a 004.78:339(0.034) 
080 |a 339:004.78(0.034) 
090 |c 283  |d 283 
245 0 3 |a La regulacion del comercio electronico  |h [Recurso electrn̤ico]  |c Immaculada Barral Viąls (Coordinadora) 
256 |a Servicio en ln̕ea 
260 |a [Madrid] :  |b Dykinson,  |c 2003 
506 1 |a Contenido solo disponible en los productos indicados  |d vLex Global  |d vLex Global (Academic Edition, excluding Law Schools)  |d vLex Global (U.S. Academic Edition, Law Schools)  |d vLex Global (U.S. Academic Edition, excluding Law Schools)  |d vLex Global (Academic Edition, Law Schools) 
650 0 4 |a Comercio electrn̤ico  |2 Tesauro vLex 
650 0 4 |a Nuevas tecnologa̕s  |2 Tesauro vLex 
650 0 4 |a Otras tarjetas y el comercio electrn̤ico  |2 Tesauro vLex 
650 0 4 |a Contratacin̤ electrn̤ica  |2 Tesauro vLex 
700 1 |a Barral i Viąls, Inmaculada 
740 0 |a vLex Libros (Servicios en ln̕ea) 
856 4 0 |u http://vlex.com/source/264  |z Acceso restringido 
942 |c BOOK 
999 0 |a Electronic commerce  |b Madrid